| 000 | 00462nam a2200193Ia 4500 | ||
|---|---|---|---|
| 005 | 20250425161344.0 | ||
| 008 | 250425s9999 xx 000 0 und d | ||
| 020 | _a047110437X | ||
| 041 | _aeng | ||
| 082 | _a660.28423 | ||
| 100 | _aLYDERSEN, ASKELL L. | ||
| 245 | 0 | _aMASS TRANSFER IN ENGINEERING PRACTICE | |
| 250 | _a1ST ED. | ||
| 260 |
_aIndia _bJOHN WILEY & SONS _c1983 |
||
| 260 | _aNEW DELHI | ||
| 300 | _a321 | ||
| 942 | _c01 | ||
| 010 | _a18445 | ||
| 999 |
_c207581 _d207581 |
||